01175cam a2200241 a 450000100100000000500170001000800410002702000310006802000270009902000270012604000290015308200270018224500900020925000110029926001770031030000190048749000730050650400530057965100370063265100430066971001480071283000730086000000651920200929153938.0901121s1989 ck b 001 0 spa d a9586430006 (obra completa) a9586430650 (tapa dura) a9586430669 (rústica) aDO-SdBNPbspacLCdBNPHU a349.86109bC749p, 198900aCongreso de las provincias unidas 1811-1815 /cprólogo Gonzalo Hernández de Alba. a2a ed. aBogotá, Colombia :bFundación para la Conmemoración del Bicentenario del Natalicio y el Sesquicentenario de la Muerte del General Francisco de Paula Santander,c1989. a2 v. ;c24 cm.1 aDocumentos ;v26, 27aBiblioteca de la Presidencia de la República aIncluye referencias bibliográficas e índice. 4aColombiaxDerecho Constitucional 4aColombiaxHistoriay1810-1822xFuentes1 aFundación para la Conmemoración del Bicentenario del Natalicio y el Sesquicentenario de la Muerte del General Francisco de Paula Santander. 0aDocumentos ;v26, 27pBiblioteca de la Presidencia de la República